• 首页
  • 本馆介绍
  • 公告通知
  • 最新文献
  • 馆藏检索
  • 电子资源
  • 读者导购
  • 参考咨询
  • 我的图书馆
  • 登录
  • 详细信息显示
  • 放入我的书架
  • 预约/预借图书
  • 作者相关作品
  • 分类相关作品
  • 丛书相关作品
  • 出版社相关作品

书目信息

  • 表格格式
  • 工作单格式
  • 卡片格式
题名:
知识服务模式与创新
    
 
作者: 杜也力 著
分册:  
出版信息: 北京   北京图书馆出版社  2005
页数: 279页
开本: 21cm
丛书名:
单 册:
中图分类: C932.6 , F062.3 , C2
科图分类:
主题词: 知识经济--咨询服务--研究 , 知识经济 , 咨询服务 , 社会科学--组织机构 , 社会科学--团体 , 社会科学--会议 , 社会科学--国家行政机关
电子资源:
ISBN: 7-5013-2766-1
000 01081nam0 2200337 450
001 1557493937
005 20150124155838.09
010    @a7-5013-2766-1@dCNY25.00
100    @a20051101d2005 em y0chiy50 ea
101 0  @achi
102    @aCN@b110000
105    @ay z 000yy
200 1  @a知识服务模式与创新@9zhi shi fu wu mo shi yu chuang xin@f杜也力[等]著
210    @a北京@c北京图书馆出版社@d2005
215    @a279页@d21cm
300    @a河北省哲学社会科学规划项目
304    @a著者还有:崔玉香、白铭、张开凤、王旭艳、杨军花
330    @a本书共8章:包括知识社会与知识创新、知识管理的理论探索、知识服务的模式、知识服务的实践、知识服务的创新、知识服务的评价、知识服务的产业化发展方向等。
606 0  @a知识经济@x咨询服务@x研究
606 0  @a知识经济
606 0  @a咨询服务
606 0  @a社会科学@x组织机构
606 0  @a社会科学@x团体
606 0  @a社会科学@x会议
606 0  @a社会科学@x国家行政机关
690    @aC932.6@v5
690    @aF062.3@v5
690    @aC2@v4
701  0 @a杜也力@9du ye li@4著
801  0 @aCN@bTSSF@c20150124
905    @aZUCC@dC2@eJY70
    
    知识服务模式与创新/杜也力[等]著.-北京:北京图书馆出版社,2005
    279页;21cm
    河北省哲学社会科学规划项目
    
    ISBN 7-5013-2766-1:CNY25.00
    本书共8章:包括知识社会与知识创新、知识管理的理论探索、知识服务的模式、知识服务的实践、知识服务的创新、知识服务的评价、知识服务的产业化发展方向等。
●
相关链接 在E读中查询图书 在五车中查询图书 在当当中查询图书 在豆瓣中查询图书


正题名:知识服务模式与创新     索取号:C2/JY70         预约/预借

序号 登录号 条形码 馆藏地/架位号 状态 备注
1 7857029   278570299   学院路分馆/ [索取号:C2/JY70] 在馆    
唐山师范学院图书馆 欢迎您!
大连网信软件有限公司© 版权所有